000 00332 a2200169 4500
001 182576
020 _a85-08-04078-5
040 _cMagnum
100 _aAlencar, José de
240 1 0 _aSenhora
_lpor
245 1 0 _aSenhora
300 _a215
362 0 _a1992
440 1 _aÁtica
697 _aLITERATURA GERAL
942 _cBK
999 _c182576
_d182576